000
00305nam a2200121Ia 4500
008
191201s2005 xx 000 0 und d
100
_a
RAJKRISHNA, Himanshu
245
0
_a
Numerical & Statistical Computing
260
_a
N. Delhi
_b
Gullybaba Pub
_c
2005
300
_a
258
650
_a
Applied
942
_2
ddc
_c
BK
999
_c
364
_d
364